| 000 -CABECERA |
| Longitud fija campo de control |
00558nam a2200169 a 4500 |
| 001 - NÚMERO DE CONTROL |
| Número de control |
4534 |
| 003 - IDENTIFICADOR DEL NÚMERO DE CONTROL |
| Identificador del número de control |
CDMR |
| 005 - FECHA Y HORA DE LA ÚLTIMA TRANSACCIÓN |
| Fecha y hora de la última transacción |
20130628121613.0 |
| 008 - CÓDIGOS DE INFORMACIÓN DE LONGITUD FIJA |
| Códigos de información de longitud fija |
130130s1997||||||||||||||||||||||||||||d |
| 040 ## - FUENTE DE LA CATALOGACIÓN |
| Centro catalogador de origen |
CDMR |
| Lengua de catalogación |
cat |
| Centro transcriptor |
CPC GIRONA |
| 245 #0 - MENCIÓN DE TÍTULO |
| Título |
Estatut professional de la redacció de Radiotelevisió Valenciana |
| 260 ## - PUBLICACIÓN, DISTRIBUCIÓN, ETC. (PIE DE IMPRENTA) |
| Fecha de publicación, distribución, etc. |
1997 |
| Nombre del editor, distribuidor, etc. |
Radiotelevisió Valenciana. Gabinet de Relacions Externes |
| Lugar de publicación, distribución, etc. |
[València] |
| 300 ## - DESCRIPCIÓN FÍSICA |
| Extensión |
31 p. |
| 500 ## - NOTA GENERAL |
| Nota general |
A la coberta: Estatut professional de la redacció de RTVV |
| 610 2# - PUNTO DE ACCESO ADICIONAL DE MATERIA - NOMBRE DE ENTIDAD CORPORATIVA |
| 9 (RLIN) |
3897 |
| Nombre de entidad corporativa o nombre de jurisdicción como elemento inicial |
Radiotelevisión Valenciana |
| 942 ## - ENTRADA DE ELEMENTOS AGREGADOS (KOHA) |
| Koha [por defecto] tipo de item |
Fullets |
| Fuente de clasificaión o esquema |
|